[Event "Ekaterinburg"]
[Site "Ekaterinburg"]
[Date "2008.05.22"]
[Round "10"]
[White "Kuznetsov, Gennady"]
[Black "Kaliberda, Vladimir"]
[Result "1/2-1/2"]
[WhiteElo "2392"]
[BlackElo "2319"]
[PlyCount "59"]
[EventDate "2008.05.16"]
[EventType "tourn"]
[EventRounds "11"]
[EventCountry "RUS"]
[EventCategory "1"]
[SourceTitle "CBM 124 Extra"]
[Source "ChessBase"]
[SourceDate "2008.07.03"]
[SourceVersion "1"]
[SourceVersionDate "2008.07.03"]
[SourceQuality "1"]

1. e4 c5 2. Nf3 d6 3. d4 cxd4 4. Nxd4 Nf6 5. Nc3 a6 6. Be3 Ng4 7. Bg5 h6 8. Bh4 g5 9. Bg3 Bg7 10. h3 Ne5 11. f3 Nbc6 12. Bf2 Nxd4 13. Bxd4 Be6 14. Qd2 Bf6 15. 0-0-0 Rc8 16. Kb1 Rg8 17. Be2 Nd7 18. Bxf6 Nxf6 19. h4 Qb6 20. hxg5 hxg5 21. a3 Kf8 22. Bd3 Qc5 23. g3 b5 24. f4 Ng4 25. Rde1 b4 26. Na4 Qd4 27. Qxb4 Qxb4 28. axb4 Nf2 29. Rh7 Nxd3 30. cxd3 1/2-1/2

[Event "Ekaterinburg"]
[Site "Ekaterinburg"]
[Date "2008.05.19"]
[Round "6"]
[White "Kuznetsov, Gennady"]
[Black "Prahov, G."]
[Result "1/2-1/2"]
[WhiteElo "2392"]
[BlackElo "2281"]
[PlyCount "36"]
[EventDate "2008.05.16"]
[EventType "tourn"]
[EventRounds "11"]
[EventCountry "RUS"]
[EventCategory "1"]
[SourceTitle "CBM 124 Extra"]
[Source "ChessBase"]
[SourceDate "2008.07.03"]
[SourceVersion "1"]
[SourceVersionDate "2008.07.03"]
[SourceQuality "1"]

1. e4 c6 2. Nf3 d5 3. Nc3 Bg4 4. h3 Bxf3 5. Qxf3 Nf6 6. d3 e6 7. a3 Nbd7 8. g3 Bd6 9. Bg2 0-0 10. 0-0 Qc7 11. Bd2 dxe4 12. Nxe4 Nxe4 13. dxe4 Be5 14. Bc3 Bxc3 15. Qxc3 Qe5 16. Qxe5 Nxe5 17. f4 Nc4 18. b3 Ne3 1/2-1/2

[Event "Ekaterinburg"]
[Site "Ekaterinburg"]
[Date "2008.05.18"]
[Round "4"]
[White "Kuznetsov, Gennady"]
[Black "Spirlin, Maxim"]
[Result "1-0"]
[WhiteElo "2392"]
[BlackElo "2019"]
[PlyCount "47"]
[EventDate "2008.05.16"]
[EventType "tourn"]
[EventRounds "11"]
[EventCountry "RUS"]
[EventCategory "1"]
[SourceTitle "CBM 124 Extra"]
[Source "ChessBase"]
[SourceDate "2008.07.03"]
[SourceVersion "1"]
[SourceVersionDate "2008.07.03"]
[SourceQuality "1"]

1. d4 d5 2. c4 e6 3. Nc3 Be7 4. Nf3 Nf6 5. Bf4 c6 6. e3 Nbd7 7. Qc2 0-0 8. Rd1 a6 9. a3 dxc4 10. Bxc4 b5 11. Bd3 Bb7 12. e4 h6 13. 0-0 Re8 14. Qe2 c5 15. dxc5 Bxc5 16. Bb1 Nh5 17. Be3 Bxe3 18. fxe3 e5 19. Nd4 Nhf6 20. Nf5 Qc7 21. Qf3 Bc6 22. Rd6 Rad8 23. Ba2 Nf8 24. Rxf6 1-0

[Event "Ekaterinburg"]
[Site "Ekaterinburg"]
[Date "2008.05.18"]
[Round "5"]
[White "Motyliov, Anatoly"]
[Black "Kuznetsov, Gennady"]
[Result "0-1"]
[WhiteElo "2238"]
[BlackElo "2392"]
[PlyCount "92"]
[EventDate "2008.05.16"]
[EventType "tourn"]
[EventRounds "11"]
[EventCountry "RUS"]
[EventCategory "1"]
[SourceTitle "CBM 124 Extra"]
[Source "ChessBase"]
[SourceDate "2008.07.03"]
[SourceVersion "1"]
[SourceVersionDate "2008.07.03"]
[SourceQuality "1"]

1. e4 e5 2. Nf3 Nc6 3. Bb5 Nf6 4. 0-0 Nxe4 5. d4 Nd6 6. Bxc6 dxc6 7. dxe5 Nf5 8. Qxd8+ Kxd8 9. Nc3 Ne7 10. h3 h6 11. Ne4 Ng6 12. b3 a5 13. a4 Bd7 14. Bb2 Nf4 15. Rad1 Ke8 16. Kh2 Rd8 17. Rfe1 Ne6 18. g3 c5 19. c4 Bc6 20. Rxd8+ Kxd8 21. Kg2 Kc8 22. Re2 Be7 23. Nfd2 Rd8 24. Bc3 Rd3 25. Kg1 Ng5 26. Nxg5 Bxg5 27. Nb1 Bf3 28. Re1 b6 29. h4 Rxc3 30. Nxc3 Bd2 31. Re3 Bxe3 32. fxe3 Kd7 33. Kf2 Bb7 34. Nd5 Ke6 35. Nxc7+ Kxe5 36. Ke2 Bc6 37. Kd3 Kd6 38. Nb5+ Bxb5 39. axb5 Ke5 40. e4 f5 41. exf5 Kxf5 42. Ke3 Kg4 43. Kf2 Kh3 44. Kf3 g5 45. hxg5 hxg5 46. Kf2 g4 0-1

[Event "Ekaterinburg"]
[Site "Ekaterinburg"]
[Date "2008.05.17"]
[Round "3"]
[White "Pakhomov, Alexey"]
[Black "Kuznetsov, Gennady"]
[Result "1/2-1/2"]
[WhiteElo "2468"]
[BlackElo "2392"]
[PlyCount "48"]
[EventDate "2008.05.16"]
[EventType "tourn"]
[EventRounds "11"]
[EventCountry "RUS"]
[EventCategory "1"]
[SourceTitle "CBM 124 Extra"]
[Source "ChessBase"]
[SourceDate "2008.07.03"]
[SourceVersion "1"]
[SourceVersionDate "2008.07.03"]
[SourceQuality "1"]

1. e4 e5 2. Nf3 Nc6 3. Bb5 a6 4. Ba4 Nf6 5. 0-0 Be7 6. Re1 b5 7. Bb3 0-0 8. d4 d6 9. c3 Bg4 10. Be3 exd4 11. cxd4 Na5 12. Bc2 c5 13. h3 Bxf3 14. Qxf3 Nc4 15. dxc5 dxc5 16. Nc3 Nd7 17. Bf4 Nde5 18. Bxe5 Nxe5 19. Qg3 Nc6 20. Rad1 Nd4 21. e5 Ra7 22. Ne2 Nxe2+ 23. Rxe2 Rd7 24. Rxd7 Qxd7 1/2-1/2

[Event "Ekaterinburg"]
[Site "Ekaterinburg"]
[Date "2007.10.05"]
[Round "2"]
[White "Kuznetsov, Gennady"]
[Black "Kharous, Ernest"]
[Result "1/2-1/2"]
[WhiteElo "2310"]
[BlackElo "2371"]
[PlyCount "29"]
[EventDate "2007.10.04"]
[EventType "tourn"]
[EventRounds "11"]
[EventCountry "RUS"]
[EventCategory "1"]
[SourceTitle "EXT 2009"]
[Source "ChessBase"]
[SourceDate "2008.11.26"]
[SourceVersion "1"]
[SourceVersionDate "2008.11.26"]
[SourceQuality "1"]

1. d4 c5 2. d5 Nf6 3. Nc3 e5 4. e4 d6 5. Bb5+ Nbd7 6. a4 a6 7. Bd3 b6 8. Nf3 Be7 9. 0-0 Nf8 10. Nd2 Ng6 11. Nc4 0-0 12. a5 Nd7 13. axb6 Nxb6 14. Na5 Qc7 15. Qe2 1/2-1/2

[Event "Ekaterinburg"]
[Site "Ekaterinburg"]
[Date "2007.10.04"]
[Round "1"]
[White "Pakhomov, Alexey"]
[Black "Kuznetsov, Gennady"]
[Result "1-0"]
[WhiteElo "2440"]
[BlackElo "2310"]
[PlyCount "95"]
[EventDate "2007.10.04"]
[EventType "tourn"]
[EventRounds "11"]
[EventCountry "RUS"]
[EventCategory "1"]
[SourceTitle "EXT 2009"]
[Source "ChessBase"]
[SourceDate "2008.11.26"]
[SourceVersion "1"]
[SourceVersionDate "2008.11.26"]
[SourceQuality "1"]

1. e4 c5 2. Nf3 Nc6 3. Nc3 g6 4. d4 cxd4 5. Nxd4 Bg7 6. Be3 Nf6 7. Bc4 Qa5 8. 0-0 0-0 9. Nb3 Qc7 10. Be2 d6 11. f4 b6 12. Bf3 Bb7 13. Qd3 Rac8 14. Rad1 Qb8 15. Qe2 Rfe8 16. Qf2 Ba8 17. Rfe1 Red8 18. Nd5 Re8 19. Nxf6+ Bxf6 20. c3 b5 21. a3 a5 22. h4 Bb7 23. h5 a4 24. Nd2 Na5 25. Ba7 Qa8 26. e5 dxe5 27. fxe5 Bh8 28. Bd4 Nc4 29. e6 Rf8 30. Bxh8 Kxh8 31. Nxc4 Rxc4 32. Bxb7 Qxb7 33. hxg6 hxg6 34. Rd7 Rc7 35. Qh4+ Kg7 36. Qxe7 Rxd7 37. exd7 Qb6+ 38. Qe3 Qxe3+ 39. Rxe3 Rd8 40. Re5 Rxd7 41. Rxb5 Rd2 42. c4 Rc2 43. c5 Kf6 44. Rb4 Ke6 45. Rxa4 Rxb2 46. Rc4 Kd5 47. c6 Kxc4 48. c7 1-0

[Event "Ekaterinburg 07"]
[Site "Ekaterinburg"]
[Date "2007.07.27"]
[Round "11"]
[White "Kaliberda, Vladimir"]
[Black "Kuznetsov, Gennady"]
[Result "0-1"]
[WhiteElo "2337"]
[BlackElo "2189"]
[PlyCount "50"]
[EventDate "2007.07.20"]
[EventType "tourn"]
[EventRounds "11"]
[EventCountry "RUS"]
[EventCategory "1"]
[SourceTitle "EXT 2022"]
[Source "ChessBase"]
[SourceDate "2021.10.06"]
[SourceVersion "1"]
[SourceVersionDate "2021.10.06"]
[SourceQuality "1"]

1. d4 Nf6 2. c4 g6 3. Nc3 Bg7 4. e4 d6 5. Nf3 0-0 6. Be2 e5 7. 0-0 Nc6 8. d5 Ne7 9. Ne1 Nd7 10. Be3 f5 11. f3 Nf6 12. Rc1 f4 13. Bf2 g5 14. h3 h5 15. Nb5 a6 16. Na7 Bd7 17. c5 g4 18. hxg4 hxg4 19. fxg4 Nxe4 20. c6 Nxf2 21. Rxf2 Be8 22. cxb7 Rxa7 23. Qb3 Bb5 24. a4 Bxe2 25. Rxe2 Qb8 0-1

[Event "Ekaterinburg 07"]
[Site "Ekaterinburg"]
[Date "2007.07.23"]
[Round "5"]
[White "Kuznetsov, Gennady"]
[Black "Kharous, Ernest"]
[Result "1/2-1/2"]
[WhiteElo "2189"]
[BlackElo "2373"]
[PlyCount "41"]
[EventDate "2007.07.20"]
[EventType "tourn"]
[EventRounds "11"]
[EventCountry "RUS"]
[EventCategory "1"]
[SourceTitle "EXT 2022"]
[Source "ChessBase"]
[SourceDate "2021.10.06"]
[SourceVersion "1"]
[SourceVersionDate "2021.10.06"]
[SourceQuality "1"]

1. d4 d5 2. c4 c6 3. Nc3 Nf6 4. cxd5 cxd5 5. Nf3 Nc6 6. Bf4 Bf5 7. e3 e6 8. Bb5 Bd6 9. Bxd6 Qxd6 10. 0-0 0-0 11. Nh4 Bg6 12. Nxg6 hxg6 13. f4 Rac8 14. Rc1 a6 15. Bd3 b5 16. b3 Rc7 17. Qd2 Qb4 18. Qb2 Rfc8 19. Ne2 Ne7 20. Rxc7 Rxc7 21. Rc1 1/2-1/2

[Event "Ekaterinburg 07"]
[Site "Ekaterinburg"]
[Date "2007.07.22"]
[Round "4"]
[White "Pogosian, Vladimir"]
[Black "Kuznetsov, Gennady"]
[Result "1/2-1/2"]
[WhiteElo "2175"]
[BlackElo "2189"]
[PlyCount "26"]
[EventDate "2007.07.20"]
[EventType "tourn"]
[EventRounds "11"]
[EventCountry "RUS"]
[EventCategory "1"]
[SourceTitle "EXT 2022"]
[Source "ChessBase"]
[SourceDate "2021.10.06"]
[SourceVersion "1"]
[SourceVersionDate "2021.10.06"]
[SourceQuality "1"]

1. f4 d5 2. Nf3 g6 3. g3 Bg7 4. Bg2 Nf6 5. 0-0 0-0 6. d3 b6 7. Nc3 Bb7 8. h3 c5 9. e4 d4 10. Ne2 Nc6 11. Bd2 a5 12. g4 a4 13. a3 b5 1/2-1/2

[Event "Ekaterinburg 07"]
[Site "Ekaterinburg"]
[Date "2007.07.20"]
[Round "1"]
[White "Kuznetsov, Gennady"]
[Black "Prahov, G."]
[Result "1-0"]
[WhiteElo "2189"]
[BlackElo "2273"]
[PlyCount "63"]
[EventDate "2007.07.20"]
[EventType "tourn"]
[EventRounds "11"]
[EventCountry "RUS"]
[EventCategory "1"]
[SourceTitle "EXT 2022"]
[Source "ChessBase"]
[SourceDate "2021.10.06"]
[SourceVersion "1"]
[SourceVersionDate "2021.10.06"]
[SourceQuality "1"]

1. d4 c5 2. d5 g6 3. e4 Bg7 4. Nf3 Qb6 5. c3 d6 6. Nbd2 a5 7. a4 Bd7 8. Bd3 Nf6 9. 0-0 Qd8 10. Re1 0-0 11. Qb3 Qc7 12. Nc4 Ng4 13. Bf4 Bh6 14. Bg3 f6 15. e5 fxe5 16. Ncxe5 Bg7 17. Nxd7 Qxd7 18. h3 Nh6 19. Ng5 Rf6 20. Qb5 Bf8 21. Ne6 Qxb5 22. Bxb5 Na6 23. Bh4 Rf7 24. g4 Rc8 25. Kg2 c4 26. Re4 Kh8 27. Rae1 Ng8 28. Rxc4 Rxc4 29. Bxc4 Nc5 30. Nxc5 dxc5 31. d6 Rf6 32. Bxf6+ 1-0

[Event "Alapaevsk Neiva"]
[Site "Alapaevsk"]
[Date "2007.05.27"]
[Round "2"]
[White "Kuznetsov, Gennady"]
[Black "Khamitov, Alexander"]
[Result "1-0"]
[WhiteElo "2112"]
[BlackElo "2312"]
[PlyCount "51"]
[EventDate "2007.05.27"]
[EventType "tourn"]
[EventRounds "13"]
[EventCountry "RUS"]
[EventCategory "1"]
[SourceTitle "EXT 2008"]
[Source "ChessBase"]
[SourceDate "2007.11.25"]
[SourceVersion "1"]
[SourceVersionDate "2007.11.25"]
[SourceQuality "1"]

1. d4 Nf6 2. c4 c6 3. Nc3 d5 4. Nf3 dxc4 5. a4 Na6 6. e4 Bg4 7. Bxc4 Bxf3 8. gxf3 e6 9. Be3 Nb4 10. f4 Qa5 11. 0-0 Be7 12. Kh1 Rd8 13. Qe2 Nd7 14. Rg1 g6 15. Rad1 Nb6 16. Bb3 Bf6 17. f5 gxf5 18. Qh5 Rf8 19. Bxe6 Nxa4 20. Nxa4 Qxa4 21. Bh6 Ke7 22. Bxf8+ Rxf8 23. Bxf5 Qb3 24. Bg4 Nd3 25. Qf5 Rd8 26. e5 1-0

[Event "Alapaevsk Neiva"]
[Site "Alapaevsk"]
[Date "2007.05.27"]
[Round "10"]
[White "Kuznetsov, Gennady"]
[Black "Romanenko, Vladimir"]
[Result "1/2-1/2"]
[WhiteElo "2112"]
[BlackElo "2347"]
[PlyCount "65"]
[EventDate "2007.05.27"]
[EventType "tourn"]
[EventRounds "13"]
[EventCountry "RUS"]
[EventCategory "1"]
[SourceTitle "EXT 2008"]
[Source "ChessBase"]
[SourceDate "2007.11.25"]
[SourceVersion "1"]
[SourceVersionDate "2007.11.25"]
[SourceQuality "1"]

1. e4 e6 2. d3 d5 3. Nd2 c5 4. g3 Nc6 5. Bg2 Nf6 6. Ngf3 Be7 7. 0-0 0-0 8. Re1 b5 9. e5 Nd7 10. h4 Rb8 11. Nf1 c4 12. d4 a5 13. Bf4 b4 14. c3 Ba6 15. N1h2 Qb6 16. Re2 Bb5 17. h5 a4 18. a3 bxc3 19. bxc3 Qa5 20. Rc2 Na7 21. h6 g6 22. Ng4 Ba6 23. Nf6+ Nxf6 24. exf6 Bxf6 25. Bxb8 Rxb8 26. Ne5 Bxe5 27. dxe5 Rb3 28. Qd4 Nc6 29. Qe3 Kf8 30. Qd2 Qd8 31. Re1 Kg8 32. Qe3 Bb7 33. Qd2 1/2-1/2

[Event "Petrovskaya Ladya IM"]
[Site "Peterhof"]
[Date "2007.01.05"]
[Round "3"]
[White "Nadjezhdin, Dmitry"]
[Black "Kuznetsov, Gennady"]
[Result "1-0"]
[WhiteElo "2238"]
[BlackElo "2097"]
[PlyCount "87"]
[EventDate "2007.01.03"]
[EventType "tourn"]
[EventRounds "11"]
[EventCountry "RUS"]
[EventCategory "1"]
[SourceTitle "CBM 116 Extra"]
[Source "ChessBase"]
[SourceDate "2007.03.07"]
[SourceVersion "1"]
[SourceVersionDate "2007.03.07"]
[SourceQuality "1"]

1. Nf3 Nf6 2. c4 g6 3. g3 Bg7 4. Bg2 0-0 5. d4 d5 6. cxd5 Nxd5 7. 0-0 c6 8. e4 Nb6 9. h3 Be6 10. Nc3 Bc4 11. Re1 a5 12. Bf4 N8d7 13. Qd2 Re8 14. Bh6 Bh8 15. b3 Ba6 16. Rad1 a4 17. h4 axb3 18. axb3 Nf6 19. Bh3 e6 20. e5 Nfd5 21. Ne4 Qe7 22. Nd6 Red8 23. Ng5 Rf8 24. Ndxf7 Nc7 25. Bxf8 Rxf8 26. Nxh8 Kxh8 27. Re3 Nbd5 28. Rf3 Rxf3 29. Nxf3 Kg7 30. Ng5 h6 31. Ne4 Qf8 32. Nc5 Qe7 33. Qc2 Qf7 34. Ra1 Qf3 35. Bg2 Qg4 36. Nxa6 Nxa6 37. Bxd5 exd5 38. Qd2 g5 39. hxg5 hxg5 40. Qe3 Kf7 41. Kg2 Ke6 42. Rh1 Qe4+ 43. Qxe4 dxe4 44. Rh6+ 1-0

[Event "Chigorin Memorial-B 14th"]
[Site "St Petersburg"]
[Date "2006.10.30"]
[Round "9"]
[White "Osipova, Polina"]
[Black "Kuznetsov, Gennady"]
[Result "0-1"]
[WhiteElo "1779"]
[BlackElo "2131"]
[PlyCount "88"]
[EventDate "2006.10.23"]
[EventType "swiss"]
[EventRounds "9"]
[EventCountry "RUS"]
[SourceTitle "EXT 2007"]
[Source "ChessBase"]
[SourceDate "2006.11.23"]
[SourceVersion "1"]
[SourceVersionDate "2006.11.23"]
[SourceQuality "1"]

1. e4 c5 2. Nf3 e6 3. d4 cxd4 4. Nxd4 Nc6 5. Nc3 Nf6 6. Ndb5 Bb4 7. a3 Bxc3+ 8. Nxc3 d5 9. exd5 exd5 10. Bd3 h6 11. 0-0 0-0 12. Bf4 Bg4 13. Qd2 Re8 14. Rfe1 Qd7 15. f3 Bf5 16. Rad1 Rad8 17. Bg3 d4 18. Ne2 Bxd3 19. Qxd3 Re6 20. Rd2 Re3 21. Qc4 Qe7 22. Kf1 Ne5 23. Bxe5 Qxe5 24. Rxd4 Re8 25. Rh4 b5 26. f4 Qxb2 27. Qb4 Qxb4 28. axb4 Nd5 29. Rd1 Rxe2 30. Rxd5 Rxc2 31. Rxb5 Rd8 32. Ke1 Rxg2 33. Ra5 Rdd2 34. h3 Rb2 35. Kf1 Rgc2 36. Ra1 Rxb4 37. Kg1 a5 38. Rg4 a4 39. f5 Rxg4+ 40. hxg4 Rc4 41. Kf2 Rxg4 42. Ra3 Rf4+ 43. Kg3 Rxf5 44. Rxa4 h5 0-1

[Event "St Petersburg White Nights op"]
[Site "St Petersburg"]
[Date "2006.06.30"]
[Round "8"]
[White "Kuznetsov, Gennady"]
[Black "Nester, Ihor"]
[Result "0-1"]
[WhiteElo "2154"]
[BlackElo "2417"]
[PlyCount "102"]
[EventDate "2006.06.23"]
[EventType "swiss"]
[EventRounds "9"]
[EventCountry "RUS"]
[SourceTitle "CBM 112 Extra"]
[Source "ChessBase"]
[SourceDate "2006.07.14"]
[SourceVersion "1"]
[SourceVersionDate "2006.07.14"]
[SourceQuality "1"]

1. d4 d5 2. c4 dxc4 3. Nf3 Nf6 4. e3 e6 5. Bxc4 a6 6. Nc3 b5 7. Bb3 c5 8. a4 b4 9. Nb1 Bb7 10. 0-0 Nbd7 11. Qe2 Be7 12. Nbd2 0-0 13. a5 Qc7 14. Nc4 Rac8 15. h3 Bd5 16. Ncd2 c4 17. e4 Nxe4 18. Nxc4 Ng3 19. fxg3 Bxc4 20. Bxc4 Qxc4 21. Qxc4 Rxc4 22. Be3 Rfc8 23. Rf2 Nf6 24. Ne5 Rc2 25. Raf1 Nd5 26. Rxc2 Rxc2 27. Bc1 Bf6 28. Rd1 Bxe5 29. dxe5 h5 30. Kf1 Kh7 31. Kg1 Kg6 32. Kh2 Kf5 33. Rf1+ Kxe5 34. Bf4+ Kd4 35. Bd6 f6 36. Bf8 Ne3 37. Rf4+ Kd3 38. Rxb4 Rxg2+ 39. Kh1 Rxg3 40. Kh2 Nf1+ 41. Kh1 Nd2 42. Kh2 Rg5 43. h4 Rxa5 44. Bxg7 Rb5 45. Rxb5 axb5 46. Bxf6 e5 47. Kg2 e4 48. Be5 e3 49. Bg3 Kc2 50. Bf4 e2 51. Bg3 Kd1 0-1

[Event "St Petersburg White Nights op"]
[Site "St Petersburg"]
[Date "2006.06.27"]
[Round "5"]
[White "Fedoseev, Vladimir1111"]
[Black "Kuznetsov, Gennady"]
[Result "0-1"]
[WhiteElo "2310"]
[BlackElo "2154"]
[PlyCount "66"]
[EventDate "2006.06.23"]
[EventType "swiss"]
[EventRounds "9"]
[EventCountry "RUS"]
[SourceTitle "CBM 112 Extra"]
[Source "ChessBase"]
[SourceDate "2006.07.14"]
[SourceVersion "1"]
[SourceVersionDate "2006.07.14"]
[SourceQuality "1"]

1. e4 c5 2. Nf3 e6 3. d4 cxd4 4. Nxd4 Nc6 5. Nc3 Nf6 6. Be3 Bb4 7. f3 d5 8. Nxc6 bxc6 9. Qd2 Qa5 10. e5 Nd7 11. f4 c5 12. a3 d4 13. Bxd4 cxd4 14. Qxd4 Bxc3+ 15. bxc3 0-0 16. Bd3 Nc5 17. 0-0 Rd8 18. Qe3 Nxd3 19. cxd3 Qxc3 20. Rfd1 Qd4 21. Qxd4 Rxd4 22. Rac1 Ba6 23. Rc7 Rxd3 24. Rb1 h5 25. a4 Rd4 26. g3 h4 27. Re7 h3 28. Rc1 Rd2 29. f5 Rad8 30. fxe6 fxe6 31. Rxe6 Rg2+ 32. Kh1 Rdd2 33. Re8+ Kh7 0-1